[Event "Asia zt 3.2 (Women)"]
[Site "Dhaka"]
[Date "2023.05.06"]
[Round "5"]
[White "Kazi Zarin, Tasnim"]
[Black "Parveen, Tanima"]
[Result "1-0"]
[WhiteElo "1841"]
[BlackElo "1961"]
[PlyCount "77"]
[EventDate "2023.05.02"]
[EventType "tourn"]
[EventRounds "9"]
[EventCountry "BAN"]
[SourceTitle "CBM 215 Extra"]
[Source "ChessBase"]
[SourceDate "2023.09.30"]
[SourceVersion "1"]
[SourceVersionDate "2023.09.30"]
[SourceQuality "1"]

1. e4 e5 2. Nf3 Nc6 3. Bc4 Bc5 4. c3 Nf6 5. d4 exd4 6. cxd4 Bb4+ 7. Bd2 Bxd2+ 8. Nbxd2 d5 9. exd5 Nxd5 10. Qb3 Nce7 11. 0-0 0-0 12. Rfe1 c6 13. a4 h6 14. h3 Qd6 15. Ne4 Qf4 16. Ne5 Be6 17. Rad1 Rab8 18. Nc5 b5 19. axb5 cxb5 20. Bd3 Rfd8 21. g3 Qg5 22. h4 Qh5 23. Nxe6 fxe6 24. Be2 Qf5 25. Bg4 Qf6 26. Nd7 Rxd7 27. Bxe6+ Kh8 28. Bxd7 Rf8 29. Rd2 Qd6 30. Bxb5 Nf5 31. Qd3 Qg6 32. Re5 Nf4 33. Qe4 Nxh4 34. Kf1 Qxe4 35. Rxe4 Nf3 36. Rc2 Nd5 37. Re8 Rxe8 38. Bxe8 Nf6 39. Bg6 1-0

[Event "Asia zt 3.2 (Women)"]
[Site "Dhaka"]
[Date "2023.05.05"]
[Round "4"]
[White "Parveen, Tanima"]
[Black "Lohani, Sujana"]
[Result "1/2-1/2"]
[WhiteElo "1961"]
[BlackElo "1754"]
[PlyCount "53"]
[EventDate "2023.05.02"]
[EventType "tourn"]
[EventRounds "9"]
[EventCountry "BAN"]
[SourceTitle "CBM 215 Extra"]
[Source "ChessBase"]
[SourceDate "2023.09.30"]
[SourceVersion "1"]
[SourceVersionDate "2023.09.30"]
[SourceQuality "1"]

1. e4 g6 2. d4 Bg7 3. Nf3 d6 4. Bd3 a6 5. Be3 b5 6. 0-0 Bb7 7. Nbd2 Nd7 8. c3 Ngf6 9. h3 e5 10. dxe5 dxe5 11. a4 c6 12. Qb3 Qe7 13. axb5 cxb5 14. c4 b4 15. Ra5 0-0 16. c5 Nb8 17. Ra4 Nc6 18. Nc4 Nd4 19. Nxd4 exd4 20. Bxd4 Nxe4 21. Bxg7 Kxg7 22. Re1 f5 23. Rxb4 Bc6 24. Na5 Qxc5 25. Bxe4 Bxe4 26. Nc4 Rfd8 27. Qc3+ 1/2-1/2

[Event "BAN-chT Premier"]
[Site "Dhaka"]
[Date "2022.12.04"]
[Round "5.3"]
[White "Mitrabha, Guha"]
[Black "Parveen, Tanima"]
[Result "1-0"]
[WhiteElo "2474"]
[BlackElo "1967"]
[PlyCount "43"]
[EventDate "2022.11.30"]
[EventType "team-tourn"]
[EventRounds "11"]
[EventCountry "BAN"]
[SourceTitle "CBM 211 Extra"]
[Source "ChessBase"]
[SourceDate "2023.01.31"]
[SourceVersion "1"]
[SourceVersionDate "2023.01.31"]
[SourceQuality "1"]
[WhiteTeam "Bangladesh Biman"]
[BlackTeam "Leonine CC"]
[WhiteTeamCountry "BAN"]
[BlackTeamCountry "BAN"]

1. d4 d5 2. c4 e6 3. Nf3 Nf6 4. g3 c6 5. Bg2 Bd6 6. 0-0 Nbd7 7. Nc3 0-0 8. Nd2 Bc7 9. e4 dxe4 10. Ndxe4 Nxe4 11. Nxe4 h6 12. f4 Nf6 13. Nc3 Qd7 14. Be3 Rb8 15. g4 e5 16. dxe5 Nxg4 17. Qxd7 Bxd7 18. Bxa7 Ra8 19. Bc5 Rfe8 20. h3 Ra5 21. b4 Ra3 22. Nb1 1-0

[Event "BAN-chT"]
[Site "Dhaka"]
[Date "2022.03.19"]
[Round "10.2"]
[White "Narayanan, Srinath"]
[Black "Parveen, Tanima"]
[Result "1-0"]
[WhiteElo "2553"]
[BlackElo "1971"]
[PlyCount "39"]
[EventDate "2022.03.10"]
[EventType "team-tourn"]
[EventRounds "11"]
[EventCountry "BAN"]
[SourceTitle "CBM 207 Extra"]
[Source "ChessBase"]
[SourceDate "2022.05.31"]
[SourceVersion "1"]
[SourceVersionDate "2022.05.31"]
[SourceQuality "1"]
[WhiteTeam "Rupali Bank Krira Parisad"]
[BlackTeam "Leonine CC"]
[WhiteTeamCountry "BAN"]
[BlackTeamCountry "BAN"]

1. e4 e5 2. Nf3 Nc6 3. Bc4 Bc5 4. c3 d6 5. d4 exd4 6. cxd4 Bb4+ 7. Nc3 Nf6 8. 0-0 0-0 9. Nd5 Ba5 10. Bg5 Bg4 11. Qc1 Bxf3 12. gxf3 Nxd4 13. Bxf6 gxf6 14. Qh6 Kh8 15. Nxf6 Rg8+ 16. Kh1 Rg7 17. Rg1 Qf8 18. Rg3 Nxf3 19. Rh3 Ng5 20. Qxg5 1-0

[Event "BAN-chT"]
[Site "Dhaka"]
[Date "2022.03.17"]
[Round "8.1"]
[White "Mchedlishvili, Mikheil"]
[Black "Parveen, Tanima"]
[Result "1-0"]
[WhiteElo "2584"]
[BlackElo "1971"]
[PlyCount "65"]
[EventDate "2022.03.10"]
[EventType "team-tourn"]
[EventRounds "11"]
[EventCountry "BAN"]
[SourceTitle "CBM 207 Extra"]
[Source "ChessBase"]
[SourceDate "2022.05.31"]
[SourceVersion "1"]
[SourceVersionDate "2022.05.31"]
[SourceQuality "1"]
[WhiteTeam "SAIF Sporting Club"]
[BlackTeam "Leonine CC"]
[WhiteTeamCountry "BAN"]
[BlackTeamCountry "BAN"]

1. e4 e5 2. Nf3 Nc6 3. d4 exd4 4. Nxd4 Bc5 5. Nb3 Bb6 6. Qe2 d6 7. Nc3 Nge7 8. Be3 0-0 9. 0-0-0 Ne5 10. h3 Be6 11. f4 Nc4 12. Bf2 f6 13. g4 a5 14. Nd4 Bxd4 15. Rxd4 Nb6 16. Qf3 Nc6 17. Rd1 Nd7 18. h4 Qe8 19. Nd5 Rc8 20. a3 Nc5 21. Bb5 Qf7 22. Bxc5 dxc5 23. Bxc6 bxc6 24. Nc3 Rb8 25. f5 Bc4 26. g5 Qe7 27. Rhg1 Rb7 28. gxf6 Qxf6 29. Qf4 Be6 30. Rg5 Kh8 31. Rdg1 Rf7 32. e5 Qd8 33. Qg4 1-0

[Event "BAN-chT"]
[Site "Dhaka"]
[Date "2022.03.14"]
[Round "5.5"]
[White "Puranik, Abhimanyu Sameer"]
[Black "Parveen, Tanima"]
[Result "1-0"]
[WhiteElo "2618"]
[BlackElo "1971"]
[PlyCount "59"]
[EventDate "2022.03.10"]
[EventType "team-tourn"]
[EventRounds "11"]
[EventCountry "BAN"]
[SourceTitle "CBM 207 Extra"]
[Source "ChessBase"]
[SourceDate "2022.05.31"]
[SourceVersion "1"]
[SourceVersionDate "2022.05.31"]
[SourceQuality "1"]
[WhiteTeam "Bangladesh Biman"]
[BlackTeam "Leonine CC"]
[WhiteTeamCountry "BAN"]
[BlackTeamCountry "BAN"]

1. c4 e5 2. Nc3 Nf6 3. Nf3 Nc6 4. g3 d5 5. cxd5 Nxd5 6. Bg2 Be6 7. Ng5 Nxc3 8. Nxe6 Nxd1 9. Nxd8 Nxd8 10. Kxd1 Bc5 11. a3 a5 12. b3 0-0 13. e3 c6 14. Bb2 Re8 15. Kc2 f6 16. f4 Bd6 17. h4 Nf7 18. Bh3 Rad8 19. h5 Bc7 20. Rhg1 Rd6 21. Bc3 Red8 22. Bf1 b5 23. Be2 Kf8 24. Rg2 e4 25. g4 Rd5 26. Bf1 Nd6 27. h6 Ne8 28. hxg7+ Kxg7 29. Rh2 Kg8 30. Bg2 1-0

[Event "BAN-chT"]
[Site "Dhaka"]
[Date "2022.03.13"]
[Round "4.3"]
[White "Shyam, Sundar M"]
[Black "Parveen, Tanima"]
[Result "1-0"]
[WhiteElo "2528"]
[BlackElo "1971"]
[PlyCount "87"]
[EventDate "2022.03.10"]
[EventType "team-tourn"]
[EventRounds "11"]
[EventCountry "BAN"]
[SourceTitle "CBM 207 Extra"]
[Source "ChessBase"]
[SourceDate "2022.05.31"]
[SourceVersion "1"]
[SourceVersionDate "2022.05.31"]
[SourceQuality "1"]
[WhiteTeam "Sheikh Russel"]
[BlackTeam "Leonine CC"]
[WhiteTeamCountry "BAN"]
[BlackTeamCountry "BAN"]

1. e4 e5 2. Nf3 Nc6 3. Bb5 a6 4. Ba4 Nf6 5. Nc3 b5 6. Bb3 Be7 7. d3 d6 8. a3 0-0 9. 0-0 Bg4 10. Be3 Nd4 11. Bxd4 exd4 12. Nd5 Nxd5 13. Bxd5 Rb8 14. h3 Bxf3 15. Qxf3 Qd7 16. Bb3 c6 17. a4 b4 18. Rae1 Bf6 19. Qg3 Rbe8 20. f4 Bd8 21. Kh1 Kh8 22. Qf2 Bb6 23. a5 Bc5 24. f5 Re5 25. Qh4 Rfe8 26. Ra1 d5 27. exd5 cxd5 28. Ba4 Qd8 29. Qf4 f6 30. Bxe8 Qxe8 31. Rad1 h6 32. Qf3 Bd6 33. Qg4 Bc5 34. Kg1 Re2 35. Rf2 Re3 36. Kf1 Qb5 37. Re2 b3 38. Rxe3 bxc2 39. Re6 cxd1Q+ 40. Qxd1 Qxa5 41. Re8+ Kh7 42. Qh5 Qa1+ 43. Ke2 Qxb2+ 44. Kf3 1-0

[Event "BAN-chT (Women)"]
[Site "Dhaka"]
[Date "2021.09.10"]
[Round "3.1"]
[White "Parveen, Tanima"]
[Black "Khondoker, Sumaiya"]
[Result "1-0"]
[WhiteElo "1981"]
[BlackElo "1553"]
[PlyCount "41"]
[EventDate "2021.09.08"]
[EventType "team-tourn"]
[EventRounds "9"]
[EventCountry "BAN"]
[SourceTitle "CBM 204 Extra"]
[Source "ChessBase"]
[SourceDate "2021.11.30"]
[SourceVersion "1"]
[SourceVersionDate "2021.11.30"]
[SourceQuality "1"]
[WhiteTeam "Bangladesh Police (W)"]
[BlackTeam "Shahin CC (W)"]
[WhiteTeamCountry "BAN"]
[BlackTeamCountry "BAN"]

1. e4 e5 2. Nf3 Nc6 3. Bc4 d6 4. c3 Na5 5. Be2 Bg4 6. d4 Bxf3 7. Bxf3 exd4 8. cxd4 Nc6 9. 0-0 Be7 10. Qa4 Qd7 11. Nc3 Nf6 12. Re1 0-0 13. Bf4 Nd8 14. Qxd7 Nxd7 15. Nd5 Nc6 16. Nxc7 Rac8 17. Nd5 Rfe8 18. Nxe7+ Nxe7 19. Bxd6 Nf6 20. Rac1 Rxc1 21. Rxc1 1-0

[Event "BAN-chT (Women)"]
[Site "Dhaka"]
[Date "2021.09.09"]
[Round "2.2"]
[White "Parveen, Tanima"]
[Black "Srabonti, Akter Jerin"]
[Result "1-0"]
[WhiteElo "1981"]
[BlackElo "1230"]
[PlyCount "59"]
[EventDate "2021.09.08"]
[EventType "team-tourn"]
[EventRounds "9"]
[EventCountry "BAN"]
[SourceTitle "CBM 204 Extra"]
[Source "ChessBase"]
[SourceDate "2021.11.30"]
[SourceVersion "1"]
[SourceVersionDate "2021.11.30"]
[SourceQuality "1"]
[WhiteTeam "Bangladesh Police (W)"]
[BlackTeam "Sultana Kamal Smirity Pathagar (W)"]
[WhiteTeamCountry "BAN"]
[BlackTeamCountry "BAN"]

1. e4 c5 2. c3 Nc6 3. d4 e6 4. Nf3 d5 5. e5 cxd4 6. cxd4 Qa5+ 7. Nc3 Bb4 8. Bd2 Nge7 9. a3 Bxc3 10. Bxc3 Qb6 11. Bd3 0-0 12. 0-0 Bd7 13. Bc2 f5 14. exf6 Rxf6 15. Qd3 Ng6 16. h4 h5 17. Bd2 Nce7 18. a4 Raf8 19. Ne5 Nxe5 20. Qh7+ Kf7 21. dxe5 Rxf2 22. Rxf2+ Ke8 23. Qxh5+ Kd8 24. Raf1 Nf5 25. Bxf5 Rxf5 26. Qh8+ Be8 27. Qxg7 Bxa4 28. Qg3 Qd4 29. Qg8+ Ke7 30. Bg5+ 1-0

[Event "Online Olym Div2 A"]
[Site "Chess.com INT"]
[Date "2021.09.03"]
[Round "5.4"]
[White "Parveen, Tanima"]
[Black "Ferguson, Dayna"]
[Result "1/2-1/2"]
[WhiteElo "1981"]
[BlackElo "1734"]
[PlyCount "53"]
[EventDate "2021.09.02"]
[EventType "team (rapid)"]
[EventRounds "9"]
[EventCountry "USA"]
[SourceTitle "CBM 204 Extra"]
[Source "ChessBase"]
[SourceDate "2021.11.30"]
[SourceVersion "1"]
[SourceVersionDate "2021.11.30"]
[SourceQuality "1"]
[WhiteTeam "Bangladesh"]
[BlackTeam "Ireland"]
[WhiteTeamCountry "BAN"]
[BlackTeamCountry "IRL"]

1. e4 c5 2. c3 d5 3. exd5 Qxd5 4. d4 Nc6 5. Nf3 Bg4 6. Be2 cxd4 7. cxd4 e6 8. 0-0 Qa5 9. Nc3 Bb4 10. Bd2 Nge7 11. a3 Bxc3 12. bxc3 Qc7 13. c4 Bxf3 14. Bxf3 Nxd4 15. Qa4+ Ndc6 16. Rfe1 0-0 17. Bc3 Rac8 18. Rac1 Rfd8 19. h3 b6 20. Be4 Nd4 21. c5 bxc5 22. Ba5 Qd7 23. Qc4 Rf8 24. Bc3 Ng6 25. Rb1 Rc7 26. Ba5 Rcc8 27. Rb7 1/2-1/2

[Event "Online Olym Div2 A"]
[Site "Chess.com INT"]
[Date "2021.09.03"]
[Round "6.2"]
[White "Samaganova, Alexandra"]
[Black "Parveen, Tanima"]
[Result "1-0"]
[WhiteElo "1965"]
[BlackElo "1981"]
[PlyCount "87"]
[EventDate "2021.09.02"]
[EventType "team (rapid)"]
[EventRounds "9"]
[EventCountry "USA"]
[SourceTitle "CBM 204 Extra"]
[Source "ChessBase"]
[SourceDate "2021.11.30"]
[SourceVersion "1"]
[SourceVersionDate "2021.11.30"]
[SourceQuality "1"]
[WhiteTeam "Kyrgyzstan"]
[BlackTeam "Bangladesh"]
[WhiteTeamCountry "KGZ"]
[BlackTeamCountry "BAN"]

1. c4 e5 2. Nc3 Nf6 3. Nf3 Nc6 4. a3 Be7 5. b4 d6 6. e3 0-0 7. Be2 h6 8. 0-0 e4 9. Ne1 Be6 10. Qc2 Bf5 11. d3 exd3 12. Bxd3 Bxd3 13. Nxd3 d5 14. cxd5 Nxd5 15. Nxd5 Qxd5 16. Nf4 Qg5 17. Ne2 Bd6 18. f4 Qe7 19. e4 Rfe8 20. Ng3 Qe6 21. Bb2 Qg4 22. e5 Bf8 23. Rae1 Rad8 24. Re4 Rd5 25. f5 Qg5 26. e6 fxe6 27. fxe6 Rd2 28. Qb3 Qd5 29. Qxd5 Rxd5 30. Nf5 Ne7 31. Ne3 Rd2 32. Bc3 Rd3 33. Be5 c6 34. Nc4 Ng6 35. Bb2 Rb3 36. Bd4 b5 37. Na5 Rxa3 38. Rg4 Rxe6 39. Nb7 Bxb4 40. Nd8 Re2 41. Nxc6 Ne7 42. Rxg7+ Kh8 43. Rf8+ Ng8 44. Rfxg8# 1-0

[Event "Sheikh Kamal Online Inv"]
[Site "Tornelo INT"]
[Date "2021.08.27"]
[Round "3"]
[White "Parveen, Tanima"]
[Black "Md Abu, Hanif"]
[Result "0-1"]
[WhiteElo "1981"]
[BlackElo "2045"]
[PlyCount "68"]
[EventDate "2021.08.27"]
[EventType "tourn (rapid)"]
[EventRounds "9"]
[EventCountry "BAN"]
[SourceTitle "CBM 204 Extra"]
[Source "ChessBase"]
[SourceDate "2021.11.30"]
[SourceVersion "1"]
[SourceVersionDate "2021.11.30"]
[SourceQuality "1"]

1. e4 e6 2. d4 d5 3. Nd2 Nf6 4. e5 Ng8 5. Bd3 c5 6. c3 Nc6 7. Ne2 Bd7 8. 0-0 Rc8 9. a3 cxd4 10. cxd4 Qb6 11. Nf3 Nge7 12. b4 Nf5 13. Bb2 g6 14. Rc1 Bh6 15. Rb1 Bg7 16. Qb3 Na5 17. Qd1 Nc4 18. Bxc4 Rxc4 19. Nd2 Rc7 20. Re1 h5 21. Rc1 0-0 22. Rxc7 Qxc7 23. Nb3 Ba4 24. Qc1 Qxc1 25. Nbxc1 Rc8 26. Bc3 Bb5 27. Rd1 Bh6 28. Nd3 Ba4 29. Re1 Bc2 30. Ndc1 h4 31. Kf1 Ba4 32. g3 Bb5 33. Kg2 Bxc1 34. Rxc1 Bxe2 0-1

[Event "BAN Games 9th"]
[Site "Dhaka"]
[Date "2021.04.04"]
[Round "1.4"]
[White "Parveen, Tanima"]
[Black "Sultana, Sharmin Shirin"]
[Result "1/2-1/2"]
[WhiteElo "1984"]
[BlackElo "2006"]
[PlyCount "34"]
[EventDate "2021.04.04"]
[EventType "team-swiss"]
[EventRounds "5"]
[EventCountry "BAN"]
[SourceTitle "CBM 202 Extra"]
[Source "ChessBase"]
[SourceDate "2021.07.31"]
[SourceVersion "1"]
[SourceVersionDate "2021.07.31"]
[SourceQuality "1"]
[WhiteTeam "Chottogram Division"]
[BlackTeam "Bangladesh Ansar/VDP"]
[WhiteTeamCountry "BAN"]
[BlackTeamCountry "BAN"]

1. e4 c5 2. c3 d5 3. exd5 Qxd5 4. d4 e6 5. Nf3 Nf6 6. Be2 Nc6 7. 0-0 cxd4 8. cxd4 Be7 9. Nc3 Qd6 10. h3 0-0 11. a3 b6 12. Be3 Bb7 13. Rc1 Rac8 14. b4 Rfd8 15. Qb3 h6 16. Rfd1 Qb8 17. Bc4 Bd6 1/2-1/2

[Event "BAN Games Rapid (Women) 9th"]
[Site "Dhaka"]
[Date "2021.04.03"]
[Round "7.2"]
[White "Parveen, Tanima"]
[Black "Hamid, Rani"]
[Result "1/2-1/2"]
[WhiteElo "1984"]
[BlackElo "1920"]
[PlyCount "145"]
[EventDate "2021.04.02"]
[EventType "swiss (rapid)"]
[EventRounds "9"]
[EventCountry "BAN"]
[SourceTitle "CBM 201 Extra"]
[Source "ChessBase"]
[SourceDate "2021.05.31"]
[SourceVersion "1"]
[SourceVersionDate "2021.05.31"]
[SourceQuality "1"]

1. e4 c5 2. c3 d5 3. exd5 Qxd5 4. d4 Nc6 5. Nf3 e6 6. Be2 Nf6 7. 0-0 cxd4 8. cxd4 Be7 9. Nc3 Qd6 10. a3 0-0 11. h3 b6 12. Be3 Bb7 13. b4 Rac8 14. Qb3 h6 15. Rfd1 Rfd8 16. Rac1 a5 17. d5 exd5 18. Bxb6 Rd7 19. Bc5 Qb8 20. Na4 Bxc5 21. Nxc5 Re7 22. Bd3 axb4 23. axb4 Ne5 24. Nxe5 Rxe5 25. Ra1 Ba8 26. Qc3 Rce8 27. Ra5 Qc7 28. Rda1 d4 29. Qxd4 Re1+ 30. Bf1 Qc6 31. f3 Qd5 32. Qxd5 Bxd5 33. Rxe1 Rxe1 34. Nd3 Rb1 35. Kf2 Bc4 36. Ra8+ Kh7 37. Be2 g6 38. Ra7 Kg7 39. Ne5 Be6 40. Nxf7 Bxf7 41. Bc4 Rb2+ 42. Kg1 Rb1+ 43. Kh2 Nh5 44. Rxf7+ Kh8 45. Rf8+ Kg7 46. Rf7+ Kh8 47. b5 Rb2 48. Bd3 g5 49. Rh7+ Kg8 50. Rxh6 Nf4 51. Bf1 Kg7 52. Rc6 Rb1 53. Bc4 Rb2 54. Bf1 Rb1 55. Kg1 Ne2+ 56. Kf2 Nd4 57. Rc5 Kf6 58. Rd5 Rb2+ 59. Kg1 Nf5 60. Bd3 Ne3 61. Rc5 Rxg2+ 62. Kh1 Rd2 63. Be4 Rb2 64. Rc6+ Ke5 65. b6 Kf4 66. b7 Kg3 67. Rc1 Rh2+ 68. Kg1 Rg2+ 69. Kh1 Rb2 70. Rg1+ Kxh3 71. Rb1 Rh2+ 72. Kg1 Rg2+ 73. Kh1 1/2-1/2

[Event "BAN Games Rapid (Women) 9th"]
[Site "Dhaka"]
[Date "2021.04.03"]
[Round "9.3"]
[White "Sultana, Sharmin Shirin"]
[Black "Parveen, Tanima"]
[Result "1-0"]
[WhiteElo "2006"]
[BlackElo "1984"]
[PlyCount "65"]
[EventDate "2021.04.02"]
[EventType "swiss (rapid)"]
[EventRounds "9"]
[EventCountry "BAN"]
[SourceTitle "CBM 201 Extra"]
[Source "ChessBase"]
[SourceDate "2021.05.31"]
[SourceVersion "1"]
[SourceVersionDate "2021.05.31"]
[SourceQuality "1"]

1. d4 d5 2. Nf3 Nf6 3. Bf4 e6 4. e3 Be7 5. h3 0-0 6. Bd3 c5 7. c3 Nc6 8. 0-0 b6 9. Nbd2 Bb7 10. Ne5 Rc8 11. Qe2 Nxe5 12. dxe5 Nd7 13. e4 Bg5 14. Bxg5 Qxg5 15. f4 Qh4 16. Ba6 Bxa6 17. Qxa6 Rc7 18. exd5 exd5 19. Qd3 Rd8 20. Rad1 Nf8 21. f5 Rcd7 22. Nf3 Qe4 23. Rfe1 Qxd3 24. Rxd3 g6 25. g4 h6 26. Kf2 Kg7 27. Red1 Kg8 28. Kg3 Kg7 29. Kf4 Kg8 30. Ne1 Kg7 31. Ng2 Nh7 32. Ne3 Ng5 33. h4 1-0

[Event "BAN Games Rapid (Women) 9th"]
[Site "Dhaka"]
[Date "2021.04.02"]
[Round "6.4"]
[White "Ahmed, Walijah"]
[Black "Parveen, Tanima"]
[Result "1/2-1/2"]
[WhiteElo "1902"]
[BlackElo "1984"]
[PlyCount "43"]
[EventDate "2021.04.02"]
[EventType "swiss (rapid)"]
[EventRounds "9"]
[EventCountry "BAN"]
[SourceTitle "CBM 201 Extra"]
[Source "ChessBase"]
[SourceDate "2021.05.31"]
[SourceVersion "1"]
[SourceVersionDate "2021.05.31"]
[SourceQuality "1"]

1. e4 e5 2. Nf3 Nc6 3. Bb5 a6 4. Ba4 Nf6 5. 0-0 b5 6. Bb3 Be7 7. Re1 d6 8. c3 0-0 9. d4 Bg4 10. d5 Nb8 11. Nbd2 c6 12. dxc6 Nxc6 13. h3 Be6 14. Nf1 h6 15. Ng3 Qd7 16. Nh4 d5 17. Nhf5 Bc5 18. exd5 Bxd5 19. Bxd5 Qxd5 20. Qc2 Rfd8 21. Be3 Bxe3 22. Nxe3 1/2-1/2

[Event "Asia zt 3.2 (Women)"]
[Site "Dhaka"]
[Date "2019.03.21"]
[Round "7"]
[White "Khan, Nazrana"]
[Black "Parveen, Tanima"]
[Result "1/2-1/2"]
[WhiteElo "1948"]
[BlackElo "1990"]
[PlyCount "66"]
[EventDate "2019.03.15"]
[EventType "swiss"]
[EventRounds "9"]
[EventCountry "BAN"]
[SourceTitle "CBM 189 Extra"]
[Source "ChessBase"]
[SourceDate "2019.06.03"]
[SourceVersion "1"]
[SourceVersionDate "2019.06.03"]
[SourceQuality "1"]

1. d4 d5 2. c4 c6 3. Nc3 Nf6 4. Nf3 dxc4 5. a4 e6 6. Ne5 c5 7. e3 cxd4 8. Qxd4 Qxd4 9. exd4 Bb4 10. Bxc4 Ne4 11. Bd2 Nxd2 12. Kxd2 0-0 13. Rhd1 Nd7 14. a5 Nxe5 15. dxe5 Bd7 16. Kc2 Bc6 17. f3 Rac8 18. Kb3 Bxc3 19. bxc3 Rfd8 20. Kb4 Kf8 21. Bb3 Ke7 22. c4 f6 23. exf6+ Kxf6 24. Bc2 e5 25. h4 h6 26. c5 a6 27. Bb3 e4 28. fxe4 Bxe4 29. g3 Ke5 30. Bc4 g6 31. Rac1 h5 32. Ra1 Rxd1 33. Rxd1 Rf8 1/2-1/2

[Event "Asia zt 3.2 (Women)"]
[Site "Dhaka"]
[Date "2019.03.20"]
[Round "6"]
[White "Parveen, Tanima"]
[Black "Sultana, Sharmin Shirin"]
[Result "0-1"]
[WhiteElo "1990"]
[BlackElo "1981"]
[PlyCount "150"]
[EventDate "2019.03.15"]
[EventType "swiss"]
[EventRounds "9"]
[EventCountry "BAN"]
[SourceTitle "CBM 189 Extra"]
[Source "ChessBase"]
[SourceDate "2019.06.03"]
[SourceVersion "1"]
[SourceVersionDate "2019.06.03"]
[SourceQuality "1"]

1. e4 c5 2. c3 d5 3. exd5 Qxd5 4. d4 Nf6 5. Nf3 e6 6. Be2 Nc6 7. 0-0 cxd4 8. Nxd4 Nxd4 9. cxd4 Be7 10. Nc3 Qd6 11. Bf3 0-0 12. Be3 Bd7 13. Qb3 Bc6 14. Nb5 Qd7 15. Bxc6 bxc6 16. Nc3 Rab8 17. Qc2 Qc7 18. h3 Qb7 19. Rab1 Nd5 20. Rfc1 Nxe3 21. fxe3 c5 22. Rd1 Rfd8 23. Ne4 cxd4 24. exd4 Qd5 25. Nc3 Qg5 26. Kh1 h6 27. Rd2 Qf4 28. Ne2 Qg5 29. Rbd1 a5 30. a3 Qb5 31. Qe4 Bg5 32. Nc3 Qc4 33. Rf2 Rd7 34. Qe5 Rbd8 35. Qxa5 Bh4 36. Rf4 Bg3 37. Rf3 Bc7 38. Qb5 Rxd4 39. Qxc4 Rxc4 40. Rxd8+ Bxd8 41. b3 Rd4 42. a4 f5 43. Nb5 Rd1+ 44. Kh2 Ba5 45. Rf2 Rb1 46. Rf3 g5 47. Rd3 Be1 48. g3 Rb2+ 49. Kh1 f4 50. gxf4 gxf4 51. Nd6 Kg7 52. Nc4 Rb1 53. Kg2 Kf6 54. a5 Ra1 55. Kf3 e5 56. Rd6+ Kf5 57. Rd5 Bc3 58. Rb5 Rf1+ 59. Kg2 Ra1 60. Kf3 Bd4 61. Nd6+ Ke6 62. Ne4 h5 63. b4 Ra3+ 64. Kg2 h4 65. Ng5+ Kf5 66. Nf3 Bc3 67. Nxh4+ Ke4 68. Rc5 Bd4 69. Rc2 Rg3+ 70. Kh2 Rb3 71. Kg2 Rxb4 72. Ra2 Rb3 73. Nf3 Rxf3 74. a6 Rg3+ 75. Kh2 Rg7 0-1

[Event "Olympiad Women-43"]
[Site "Batumi"]
[Date "2018.10.04"]
[Round "10.2"]
[White "Parveen, Tanima"]
[Black "Stockova, Zuzana"]
[Result "0-1"]
[WhiteElo "2022"]
[BlackElo "2290"]
[PlyCount "90"]
[EventDate "2018.09.24"]
[EventType "team-swiss"]
[EventRounds "11"]
[EventCountry "GEO"]
[SourceTitle "EXT 2020"]
[Source "ChessBase"]
[SourceDate "2019.10.17"]
[SourceVersion "1"]
[SourceVersionDate "2019.10.17"]
[SourceQuality "1"]
[WhiteTeam "Bangladesh (W)"]
[BlackTeam "Slovakia (W)"]
[WhiteTeamCountry "BAN"]
[BlackTeamCountry "SVK"]

1. e4 c5 2. c3 d5 3. exd5 Qxd5 4. d4 g6 5. Nf3 Bg7 6. Be2 Nf6 7. 0-0 0-0 8. dxc5 Qxc5 9. Be3 Qc7 10. Na3 a6 11. Qb3 Nbd7 12. Qc4 Qb8 13. Rfd1 b5 14. Qb4 Re8 15. Qb3 Ng4 16. Bd4 Bh6 17. h3 Ngf6 18. Nc2 Bb7 19. c4 e6 20. cxb5 Bd5 21. Qb4 Bf8 22. Qa5 axb5 23. Qxb5 Qd6 24. Ne3 Reb8 25. Qd3 Bxa2 26. Rxa2 Rxa2 27. Qb1 Rba8 28. Bxf6 Ra1 29. Rxd6 Rxb1+ 30. Rd1 Rxd1+ 31. Bxd1 Nxf6 32. Kf1 Ra1 33. Ke2 Rb1 34. b3 Rb2+ 35. Bc2 Nd5 36. Kd2 Bb4+ 37. Kc1 Ra2 38. Nd1 Nf4 39. Ne3 Ne2+ 40. Kb1 Nc3+ 41. Kc1 Ba3+ 42. Kd2 Ne4+ 43. Ke2 Nc5 44. Nd2 Bb4 45. Ndc4 Nxb3 0-1

[Event "Chittagong op"]
[Site "Chittagong"]
[Date "2018.09.03"]
[Round "3"]
[White "Parveen, Tanima"]
[Black "Ahmed, Mainuddin"]
[Result "1/2-1/2"]
[WhiteElo "2022"]
[BlackElo "2095"]
[PlyCount "20"]
[EventDate "2018.09.02"]
[EventType "swiss"]
[EventRounds "10"]
[EventCountry "BAN"]
[SourceTitle "CBM 186 Extra"]
[Source "ChessBase"]
[SourceDate "2018.08.24"]
[SourceVersion "1"]
[SourceVersionDate "2018.08.24"]
[SourceQuality "1"]

1. e4 d5 2. exd5 Qxd5 3. Nc3 Qa5 4. d4 Nf6 5. Bd3 c6 6. Nge2 Bg4 7. 0-0 Nbd7 8. a3 e5 9. h3 Bh5 10. Qe1 0-0-0 1/2-1/2

[Event "BAN-ch (Women) 34th"]
[Site "Dhaka"]
[Date "2014.02.18"]
[Round "11"]
[White "Parveen, Tanima"]
[Black "Khan, Nazrana"]
[Result "1/2-1/2"]
[WhiteElo "2043"]
[BlackElo "2012"]
[PlyCount "80"]
[EventDate "2014.02.07"]
[EventType "tourn"]
[EventRounds "11"]
[EventCountry "BAN"]
[SourceTitle "CBM 158 Extra"]
[Source "ChessBase"]
[SourceDate "2014.02.28"]
[SourceVersion "1"]
[SourceVersionDate "2014.02.28"]
[SourceQuality "1"]

1. e4 c5 2. c3 Nf6 3. e5 Nd5 4. d4 cxd4 5. cxd4 d6 6. exd6 e6 7. Nf3 Bxd6 8. Bc4 Nb6 9. Bb3 Nc6 10. 0-0 0-0 11. Nc3 Be7 12. a3 Bf6 13. Be3 g6 14. Qd3 Ne7 15. Bh6 Re8 16. Ne4 Ned5 17. Nxf6+ Qxf6 18. Bg5 Qg7 19. Rfe1 Bd7 20. Ne5 a6 21. Bxd5 exd5 22. Qb3 Bb5 23. Ng4 Rxe1+ 24. Rxe1 Qxd4 25. Qh3 h5 26. Nf6+ Kg7 27. Qg3 Rh8 28. Bf4 Qd3 29. Qxd3 Bxd3 30. Be5 Kf8 31. Nxd5 Nxd5 32. Bxh8 f6 33. Re6 Kf7 34. Rd6 Bc4 35. Rd7+ Kg8 36. Rd8+ Kf7 37. Rd7+ Kg8 38. Rd8+ Kf7 39. Rd7+ Kg8 40. Rd8+ Kf7 1/2-1/2